| 000 | 01099nam a2200301 i 4500 | ||
|---|---|---|---|
| 003 | DO-SdBNP | ||
| 005 | 20240612110434.0 | ||
| 007 | ta | ||
| 008 | 240612b2019 cu a|||| |||| 00| 0 spa d | ||
| 020 | _a9789592752108 | ||
| 040 |
_aDO-SdBNP _bspa _cBNPHU _erda |
||
| 082 | 4 | _222 | |
| 100 | 1 |
_aGonzález Lobe, Francisco Benedicto, _eautor _985647 |
|
| 245 | 1 | 0 |
_aArsenio Rodríguez en la memoria musical cubana / _cFrancisco González ; edición, Liliana Domínguez Diacén ; composición, Marisol Ojeda Cumbá |
| 264 |
_aGuantánamo, Cuba : _bEl Mar y la Montaña, _c2019. |
||
| 300 |
_a140 páginas : _bilustraciones ; _c20 cm. |
||
| 336 |
_2rdacontent _atexto _btxt |
||
| 337 |
_2rdamedia _asin mediación _bn |
||
| 338 |
_2rdacarrier _avolumen _bnc |
||
| 490 | _aManagüi | ||
| 500 | _aIncluye referencias bibliográficas y notas al pie de las páginas | ||
| 504 | _aBibliografía : p. 139 | ||
| 590 | _aInventariado, 20245/BT | ||
| 700 | 1 |
_aDomínguez Diacén, Liliana, _eedición _985648 |
|
| 700 | 1 |
_aOjeda Cumbá, Marisol, _ecomposición _985649 |
|
| 910 | _aBtavárez | ||
| 942 |
_2ddc _cLBS1 |
||
| 999 |
_c56829 _d56829 |
||